000 00240nam a2200097Ia 4500
005 20251222114355.0
008 251222s1900||||xx |||||||||||||| ||spa||
082 _aDVD0040/H31/2007
245 0 _aHarry Potter y la orden del Fénix:
942 _cDVD
999 _c1388
_d1388